| 000 | 00460nam a22001577a 4500 | ||
|---|---|---|---|
| 003 | OSt | ||
| 005 | 20221005194448.0 | ||
| 008 | 221005b |||||||| |||| 00| 0 eng d | ||
| 040 | _cBiblioteca Lado V | ||
| 082 |
_a708 _bN964m |
||
| 100 |
_981 _aNuez, Ivan de la _etextos |
||
| 245 | _aMarta Maria Perez Bravo/ | ||
| 260 |
_aValencia, España _bGalería Luis Adelantado _c2000 |
||
| 300 |
_a81p. _c24x29cm |
||
| 942 |
_2ddc _c1 _h708 _iN964m _n0 |
||
| 999 |
_c2191 _d2191 |
||